000 00471nam a22001697a 4500
005 20250225192442.0
008 250225b |||||||| |||| 00| 0 eng d
020 _a9788189557874
050 _aHF5415 PAN
100 _aPandit Saransh
245 _aModern Marketing Research
_cSaransh Pandit
250 _a1st Ed.
260 _aNew Delhi
_bArise Publishers & Distributors
_c2007
300 _av. 400p.
_bill.
_c16 cm
650 _2Marketing
942 _2lcc
_cBK
_e1st Ed.
_n0
999 _c4366
_d4366